000 03021nam0a2200409 4500
001 RU\NLR\BIBL_A\011463135
005 20260408082102.0
010 _a9785902198321
_9300
021 _aRU
_b2017-56660
_94030
035 _a(RuMoRGB)008949977
035 _a(NLR Aleph) 011463135
090 _a11813296
_c11813296
100 _a20170828d2017 k y0rusy50 ca
101 0 _arus
_asah
102 _aRU
105 _ac z 000zy
200 1 _a"Мои добрые кони - стихи"
_eлирика Семена Данилова: поэтическая картина мира
_eмонография
_f[Романова Л. Н. - кандидат филологических наук, Сивцева-Максимова П. В. - доктор филологических наук, профессор, Посельская В. Д. - кандидат филологических наук, Ефремова Е. М. - кандидат филологических наук
_gответственный редактор - кандидат филологических наук Л.Н. Романова]
_gФедеральное агентство научных организаций, Федеральное государственное бюджетное учреждение науки Институт гуманитарных исследований и проблем малочисленных народов Севера Сибирского отделения Российской академия наук
210 _aЯкутск
_cИГИиПМНС СО РАН
_d2017
215 _a127, [1] с., [1] л. портр.
_d21
300 _aАвт. указаны на 127-й с.
300 _aЧасть текста на якут. яз.
320 _aБиблиогр. в конце ст.
604 1 1 _1200#1$aДанилов$bС.П.$gСемен Петрович$f1917 - 1978
_12351#$aЛирика
_aДанилов, Семен Петрович (1917 - 1978)
_tЛирика
_3RU\NLR\AUTH\6601631265
_92358959
686 _aШ5(2=Я)7-4Данилов С.П.535,0
_2rubbk
686 1 _aШ5(2=Я)7-4Данилов
701 1 _4070
_4340
_aРоманова
_bЛ. Н.
_cканд. филол. наук
_gЛидия Николаевна
_9138508
_3RU\NLR\AUTH\770138543
701 1 _7ca
_8rus
_aСивцева-Максимова
_bП. В.
_f1950-
_gПрасковья Васильевна
_3RU\NLR\AUTH\7790646
_973573
701 1 _aПосельская
_bВ. Д.
701 1 _aЕфремова
_bЕ. М.
_gЕкатерина Михайловна
702 1 _4570
_8rus
_7ca
_aДанилов
_bС. П.
_cпоэт
_f1917-1978
_gСемен Петрович
_3RU\NLR\AUTH\7750530
_933464
712 0 2 _aИнститут гуманитарных исследований и проблем малочисленных народов Севера
_cЯкутск
_3RU\NLR\AUTH\8810136103
_9768035
942 _cBOOK
980 _aNBR